Tabla de contenidos: vol. 21 número 1-2 , 1995
Guardat en:
| Format: | Text |
|---|---|
| Idioma: | Spanish |
| Etiquetes: |
Afegir etiqueta
Sense etiquetes, Sigues el primer a etiquetar aquest registre!
|
MARC
| LEADER | 00000 a a2200000 04500 | ||
|---|---|---|---|
| 003 | cru CRAI/IIS | ||
| 005 | 20210623123809.0 | ||
| 008 | 210623b |||||||| |||| 00| 0 spa d | ||
| 040 | |c cru CRAI/IIS | ||
| 245 | |a Tabla de contenidos: |b vol. 21 número 1-2 , 1995 | ||
| 500 | |a Colección Centroamérica | ||
| 505 | |a Contenido: 1.El Protocolo al Tratado General de Integración Económica Centroamericana: ¿base de desarrollo o tumba del proceso integracionista? /Mario E. Fernández Arias, Ethel Abarca Amador.-- 2.El impacto económico y social de las migraciones en Centroamérica (1980-1989) / Juan Rafael Vargas, Segundo Montes, Alberto Arente, Jorge Buenrostro, Dolores Nieto. -- 3.Las erupciones volcánicas como condicionantes sociales: casos específicos de América Central /Giovanni Peraldo Huertas, Mauricio Mora Fernández. -- 4.Penurias y recuperación: niveles de vida de los trabajadores capitalinos costarricenses entre 1929 y 1960 / José Ml. Cerdas Albertazzi. -- 5.Un proceso de colonización tardía y dispersa: el Valle de Los Palmares / María Pérez Yglesias, Yamileth González García | ||
| 773 | 0 | |0 18765 |9 4743 |a Universidad de Costa Rica. |d San José, Costa Rica: Editorial Universidad de Costa Rica, 1974- |o MFN: 8434 |t Anuario de Estudios Centroamericanos / |x 03777316 | |
| 942 | |2 ddc |c PP | ||
| 999 | |c 43725 |d 43725 | ||
